| 000 | 00350 a2200145 4500 | ||
|---|---|---|---|
| 008 | 230427b |||||||| |||| 00| 0 eng d | ||
| 020 | _a9768657443532 | ||
| 100 |
_aJain R.K. _91 |
||
| 245 | _aProduction Technology | ||
| 250 | _a2023 | ||
| 260 |
_aNew Delhi _bS Chand _c2023 |
||
| 300 | _a345 | ||
| 650 |
_aProduction _aEngineering _92 |
||
| 942 | _cBK | ||
| 999 |
_c35739 _d35739 |
||